Diaspora-Arabia - Statistics

General Stats
  • This quiz has been taken 289 times
  • The average score is 25 of 33
Answer Stats
Number of immigrants Continent Country % Correct
12.000.000 South America Brazil
99%
3.700.000 North America United States of America
98%
3.300.000-5.000.000 Europe France
95%
5.000.000 Asia/ Europe Turkey
95%
4.500.000 South America Argentina
94%
500.000 Europe United Kingdom
94%
1.500.000 North America Mexico
93%
750.925 North America Canada
92%
1.155.390 Europe Germany
92%
1.500.000 South America Colombia
90%
800.000 South America Chile
89%
1.400.000 Europe Italy
89%
1.350.000 Europe Spain
89%
1.600.000 South America Venezuela
87%
425.000 Europe Sweden
86%
480.000-613.800 Europe the Netherlands
84%
500.000 Oceania Australia
82%
800.000 Europe Belgium
82%
121.000 Europe Denmark
78%
1.500.000 Asia Iran
78%
50.000-60.000 Europe Switzerland
74%
61.100 Europe Austria
73%
250.000 South America Ecuador
68%
82.600 Europe Finland
64%
87.227 Asia Indonesia
57%
265.000 Asia Japan
55%
5.000 Europe Romania
54%
11.400 Europe Bulgaria
53%
275.000 North America Honduras
47%
17,000 Europe Serbia
44%
7.000-10.000 Asia Singapore
41%
1.473.000 Africa Chad
32%
6.420 Europe North Macedonia
25%
No matching quizzes found
Score Distribution
Percent of People with Each Score
Percentile by Number Answered
Your Score History
You have not taken this quiz